000 00357nam a2200133Ia 4500
008 220217s9999||||xx |||||||||||||| ||und||
020 _a81-7808-045-1
082 _a005 SIM
100 _aSimon, David, E
_93022
245 3 _aAn embedded software primer
260 _aPearson education asia
_bDelhi
_c2003
300 _b375
650 _aSOFTWARE DESIGN
999 _c175628
_d175628